Central Library OPAC University of Rajshahi

The Cambridge history of the British Empire / (Record no. 64473)

MARC details
000 -LEADER
fixed length control field 00920nam a2200277 a 4500
001 - CONTROL NUMBER
control field 64473
003 - CONTROL NUMBER IDENTIFIER
rucl marc code BD-RjUL
005 - DATE AND TIME OF LATEST TRANSACTION
control field 20211209081319.0
008 - FIXED-LENGTH DATA ELEMENTS--GENERAL INFORMATION
fixed length control field 170215s1940 enk b 001 0 eng
035 ## - SYSTEM CONTROL NUMBER
System control number (BD-RjUL)64603
040 ## - CATALOGING SOURCE
Original cataloging agency DLC
Transcribing agency OClW
Modifying agency BD-RjUL
Language of cataloging eng
041 ## - LANGUAGE CODE
Language code of text/sound track or separate title eng
082 00 - DEWEY DECIMAL CLASSIFICATION NUMBER
Classification number 942
Author mark and year CAM V-2 1940
Edition number 23
245 04 - TITLE STATEMENT
Title The Cambridge history of the British Empire /
Statement of responsibility, etc. J Holland Rose; Arthur Percival Newton; Ernest Alfred Benians
Number of part/section of a work Volume II :
260 ## - PUBLICATION, DISTRIBUTION, ETC. (IMPRINT)
Place of publication, distribution, etc. Cambridge :
Name of publisher, distributor, etc. University Press,
Date of publication, distribution, etc. c1940
300 ## - PHYSICAL DESCRIPTION
Pagination V.2 ;
Size 24 cm.
504 ## - BIBLIOGRAPHY, ETC. NOTE
Bibliography, etc Bibliography: v.8, p.[917]-1017.
Bibliography, etc Includes index.
505 0# - FORMATTED CONTENTS NOTE
Formatted contents note V. 2- The growth of the new empire 1783-1870
651 #0 - SUBJECT ADDED ENTRY--GEOGRAPHIC NAME
Geographic name Great Britain
General subdivision History.
9 (RLIN) 74327
Geographic name Great Britain
General subdivision Colonies
-- History.
9 (RLIN) 74328
700 1# - ADDED ENTRY--PERSONAL NAME
Personal name Rose, J Holland
Personal name Newton, Arthur Percival
Personal name Benians, E. A.
942 ## - ADDED ENTRY ELEMENTS (KOHA)
Source of classification or shelving scheme Dewey Decimal Classification
Koha item type Books
Holdings
Lost status Source of classification or shelving scheme Damaged status Not for loan Collection code Permanent Location Current Location Shelving location Date acquired Source of acquisition Cost, normal purchase price Total Checkouts Full call number Date last seen Copy number Koha item type
  Dewey Decimal Classification   Not For Loan Non-fiction Central Library, University of Rajshahi Central Library, University of Rajshahi Reading Room   Pak-American Councile 63.00   942 CAM V-2 1940 15/02/2017 C-1 Books